|
|
|
|
| LEADER |
00727nab a2200193 i 4500 |
| 001 |
misc48147 |
| 005 |
20211025161006.0 |
| 008 |
200420s2000 hu o 0|| fre d |
| 022 |
|
|
|a 1775-2515
|
| 040 |
|
|
|a SZTE Miscellanea Repozitórium
|b hun
|
| 041 |
|
|
|a fre
|
| 100 |
1 |
|
|a Tonnerre Noël Yves
|
| 245 |
1 |
0 |
|a Présentation [könyvismertetés]
|h [elektronikus dokumentum] /
|c Tonnerre Noël Yves
|
| 260 |
|
|
|a Association Mémoire des princes angevins
|b Angers
|c 2000
|
| 300 |
|
|
|a 31-32
|
| 490 |
0 |
|
|a Mémoire des Princes Angevins
|v 1
|
| 561 |
|
|
|a Kristó Gyula újságkivágatok
|
| 695 |
|
|
|a Magyarország története - 9-14. sz. - könyvismertetés, Árpád-ház
|
| 856 |
4 |
0 |
|u http://misc.bibl.u-szeged.hu/48147/1/015.pdf
|z Dokumentum-elérés
|